000 00421nam a2200121Ia 4500
005 20210429153913.0
008 210429s9999 xx 000 0 und d
082 _a660 A2861I
100 _aAhmad Nadeem
_935547
245 _aInfluence of Cross Linking & Chain Extension in Castor Oil/HTPB Pre-Polymer on Mechanical Properties of Cast/Cured PBX Compositeswith CD (MS-CHE-2008)
300 _a115p.29cm.
942 _2ddc
_cTH
999 _c561106
_d561106